logo

Bir Sreshtho Munshi Abdur Rouf Library
Jhenaidah Cadet College

রজনী / (Record no. 2577)

MARC details
000 -LEADER
fixed length control field 00671nam a2200205 a 4500
001 - CONTROL NUMBER
JCCL Control Number 2577
003 - CONTROL NUMBER IDENTIFIER
JCCL marc code BD-JhCC
005 - DATE AND TIME OF LATEST TRANSACTION
control field 20171104201542.0
008 - FIXED-LENGTH DATA ELEMENTS--GENERAL INFORMATION
fixed length control field 171104b1973 bg ||||| |||| 00| 0 ben d
035 ## - SYSTEM CONTROL NUMBER
system control number (BD-JhCC)
040 ## - CATALOGING SOURCE
Original cataloging agency BD-JhCC
Modifying agency BD-JhCC
041 ## - LANGUAGE CODE
Language code of Book ben
082 ## - DEWEY DECIMAL CLASSIFICATION NUMBER
Classification number 891.443
Author mark and Year CHA 1973
100 ## - MAIN ENTRY--PERSONAL NAME
Personal name চট্টোপাধ্যায়, বঙ্কিমচন্দ্র
245 ## - TITLE STATEMENT
Title রজনী /
Statement of responsibility, etc বঙ্কিমচন্দ্র চট্টোপাধ্যায়
260 ## - PUBLICATION, DISTRIBUTION, ETC. (IMPRINT)
Place of publication, distribution, etc ঢাকা:
Name of publisher, distributor, etc মুক্তধারা ;
Date of publication, distribution, etc ১৯৭৩
300 ## - PHYSICAL DESCRIPTION
Pagination ৮৭ পৃ. ;
Dimensions ২২ সেমি
650 ## - SUBJECT ADDED ENTRY--TOPICAL TERM
Topical term or geographic name as entry element Bengali novel
942 ## - ADDED ENTRY ELEMENTS (KOHA)
Source of classification or shelving scheme Dewey Decimal Classification
Koha item type Books
Holdings
Source of classification or shelving scheme Damaged status Not for loan Home library Current library Date of accession Total Checkouts Full call number Barcode Date last seen Copy number Koha item type
Dewey Decimal Classification     JCC Rouf Library JCC Rouf Library 11/04/2017   891.443 CHA 1973 4360 11/04/2017 C-1 Books

JCC Library | Contacts | JCC Home

Last Update on 23 September 2017
Copyright @ 2017-2020 JCC Rouf Library
Rouf Library, Jhenidah Cadet College (JCC), Bangladesh